Estimating and Tendering for Construction Work / (Record no. 15220)

MARC details
000 -LEADER
fixed length control field 01425cam a2200325 a 4500
001 - CONTROL NUMBER
control field 2153600
005 - DATE AND TIME OF LATEST TRANSACTION
control field 20030903180113.0
008 - FIXED-LENGTH DATA ELEMENTS--GENERAL INFORMATION
fixed length control field 981117s1998 enka b 001 0 eng
010 ## - LIBRARY OF CONGRESS CONTROL NUMBER
LC control number 98221619
020 ## - INTERNATIONAL STANDARD BOOK NUMBER
International Standard Book Number 0750686162
020 ## - INTERNATIONAL STANDARD BOOK NUMBER
International Standard Book Number 9780750686167
040 ## - CATALOGING SOURCE
Original cataloging agency DLC
Transcribing agency DLC
Modifying agency DLC
050 00 - LIBRARY OF CONGRESS CALL NUMBER
Classification number TH435
Item number .B822 1998
082 00 - DEWEY DECIMAL CLASSIFICATION NUMBER
Classification number 692.5
Edition number 22
Item number BRO
100 1# - MAIN ENTRY--PERSONAL NAME
Personal name Brook, Martin.
9 (RLIN) 23489
245 10 - TITLE STATEMENT
Title Estimating and Tendering for Construction Work /
Statement of responsibility, etc Martin Brook
250 ## - EDITION STATEMENT
Edition statement 4th ed.
260 ## - PUBLICATION, DISTRIBUTION, ETC. (IMPRINT)
Place of publication, distribution, etc Oxford ;
-- Boston :
Name of publisher, distributor, etc Butterworth-Heinemann, 2008
Date of publication, distribution, etc 2008
300 ## - PHYSICAL DESCRIPTION
Extent xx, 359 p. :
Other physical details ill. ;
Dimensions 25 cm.
504 ## - BIBLIOGRAPHY, ETC. NOTE
Bibliography, etc Includes bibliographical references (p. 345-347) and index.
650 #0 - SUBJECT ADDED ENTRY--TOPICAL TERM
Topical term or geographic name as entry element Building
General subdivision Estimates.
9 (RLIN) 23490
650 #0 - SUBJECT ADDED ENTRY--TOPICAL TERM
Topical term or geographic name as entry element Letting of contracts.
9 (RLIN) 23491
653 ## - INDEX TERM--UNCONTROLLED
Resource For college
Arrived date list May2011
856 41 - ELECTRONIC LOCATION AND ACCESS
Materials specified Table of contents
Uniform Resource Identifier <a href="http://www.loc.gov/catdir/toc/els033/98221619.html">http://www.loc.gov/catdir/toc/els033/98221619.html</a>
856 42 - ELECTRONIC LOCATION AND ACCESS
Materials specified Publisher description
Uniform Resource Identifier <a href="http://www.loc.gov/catdir/description/els033/98221619.html">http://www.loc.gov/catdir/description/els033/98221619.html</a>
942 ## - ADDED ENTRY ELEMENTS (KOHA)
Source of classification or shelving scheme Dewey Decimal Classification
Item type Book - Borrowing
Holdings
Withdrawn status Item status Source of classification or shelving scheme Damaged status Not for loan Vendor Home library Current library Shelving location Date acquired Source of acquisition Cost, normal purchase price Serial Enumeration / chronology Total Checkouts Full call number Barcode Date last seen Koha item type Total Renewals Date last borrowed
    Dewey Decimal Classification     Arab Oasis Central Library Central Library First floor 28/04/2011   250.00 72   692.5 BRO 000023449 15/07/2025 Book - Borrowing    
    Dewey Decimal Classification     Academic Bookshop Central Library Central Library First floor 12/05/2011   308.00 2066 2 692.5 BRO 000023547 15/07/2025 Book - Borrowing 2 16/05/2016